Logo BPK

Biblioteka

Politechniki Koszalińskiej

Badania optymalności układów ergonomicznych / (Rekord nr 17814)

Szczegóły MARC
000 -ETYKIETA REKORDU
podpole kontrolne o stałej długości 00693nam a2200169 i 4500
001 - NUMER KONTROLNY REKORDU
pole kontrolne bg
040 ## - ŹRÓDŁO KATALOGOWANIA
Instytucja, która utworzyła rekord BPK
041 ## - KOD JĘZYKA
Kod języka tekstu pol
080 ## - UNIWERSALNA KLASYFIKACJA DZIESIĘTNA - UKD
UKD 331.015.11
008 - POLE O STAŁEJ DŁUGOŚCI - DANE KONTROLNE
podpole kontrolne o stałej długości s pl f |000 0 pol
245 #0 - TYTUŁ/ODPOWIEDZIALNOŚĆ
Tytuł Badania optymalności układów ergonomicznych /
Pozostałe elementy strefy tytułu i oznaczenia odpowiedzialności [Elżbieta Chlebicka et al.].
260 ## - STREFA ADRESU WYDAWNICZEGO
Miejsce wydania Wrocław,
Data publikacji, dystrybucji/powstania dokumentu 1978.
490 1# - STREFA SERII I DOKUMENTU WIELOCZĘŚCIOWEGO - FORMA NIE DO WYSZUKIWANIA
Tytuł i oznaczenie odpowiedzialności serii Prace Naukowe Instytutu Organizacji i Zarządzania Politechniki Wrocławskiej =
-- Scientific Papers of the Institute of Organization and Management Systems of the Technical University of Wrocław ;
Numeracja w obrębie serii 15
700 1# - HASŁO DODATKOWE - NAZWA OSOBOWA
Nazwa osobowa Chlebicka, Elżbieta.
830 #0 - HASŁO DODATKOWE SERII LUB DOKUMENTU WIELOCZĘŚCIOWEGO - TYTUŁ UJEDNOLICONY
Tytuł ujednolicony Prace Naukowe Instytutu Organizacji i Zarządzania Politechniki Wrocławskiej ;
Oznaczenie tomu 15
856 ## - LOKALIZACJA I DOSTĘP DO ELEKTRONICZNYCH DOKUMENTÓW ZDALNYCH
Link (URL) http://koha.tu.koszalin.pl/cgi-bin/koha/opac-detail.pl?biblionumber=17814
Tekst linku Katalog online BPK
942 ## - DODATKOWE ELEMENTY (KOHA)
Typ dokumentu Książka
Egzemplarze
Wycofany Status egzemplarza Uszkodzony Dostępność Lokalizacja stała Lokalizacja bieżąca Miejsce przechowywania Sygnatura Kod kreskowy Typ dokumentu
      Dostępny Biblioteka Politechniki Koszalińskiej Biblioteka Politechniki Koszalińskiej Wypożyczalnia BG 23395 01625592 Książka
      Dostępny Biblioteka Politechniki Koszalińskiej Biblioteka Politechniki Koszalińskiej Wypożyczalnia BG 23790 01102505 Książka
© 2023 Biblioteka Politechniki Koszalińskiej :: KOHA